=LDR 00000nam 2200000 4500 =001 INLIS000000000027253 =005 20130612125636 =008 ***********************************Ind** =035 ##$$0010-061300000027253 =041 ##$$a Ind =082 ##$$a 2x3.51 =090 ##$$a 2x3.51, Ass m =100 ##$$a As-Sayyid, Majdi Fathi =245 ##$$a Menjelang wafatnya para nabi, Majdi Fathi As-Sayyid ; penerjemah, Saefudin Zuhri ; editor, M. Sulton Akbar =260 ##$$a 2007 $b Jakarta =300 ##$$a 186 hlm, 20 cm =650 ##$$a Kematian =700 ##$$a Zuhri, Saefuddin =850 ##$$a NBPNMAT